| 000 | 00918cac a22003015a 4500 | ||
|---|---|---|---|
| 005 | 20201128013314.0 | ||
| 008 | 150813r1999 maua|||| |||| 001 0 eng d | ||
| 010 | _a 98020986 | ||
| 020 | _a0256271739 | ||
| 020 | _a9780256271737 | ||
| 040 |
_aEG-ScBUE _beng _cEG-ScBUE |
||
| 082 | 0 | 4 |
_a658.302 _bRUE _222 |
| 100 | 1 |
_aRue, Leslie W. _92967 |
|
| 245 | 1 | 0 |
_aSupervision key link to productivity / _cLeslie W. Rue, Lloyd L. Byars. |
| 246 | 3 | 0 | _aSupervision |
| 250 | _a6th ed. | ||
| 260 |
_aBoston : _bIrwin/McGraw-Hill, _c1999. |
||
| 300 |
_axvi, 464 p. : _bill. ; _c26 cm. |
||
| 500 | _aGlossary : p. 447-453. | ||
| 500 | _aIncludes indexes. | ||
| 504 | _aIncludes bibliographical references. | ||
| 590 | _aDoha Ragab | ||
| 650 | 0 |
_aSupervision of employees. _2BUEsh |
|
| 651 | _2BUEsh | ||
| 653 |
_bBUSADM _cApril2015 |
||
| 700 | 1 |
_aByars, Lloyd L. _92969 |
|
| 942 |
_cBB _k658.302 RUE _2ddc |
||
| 999 |
_c5231 _d5231 |
||